Polonia
Zapisane w:
| 1. autor: | |
|---|---|
| Format: | Książka |
| Język: | Undetermined |
| Wydane: |
Varsovia, Polonia
Editorial Festina
2002
|
| Hasła przedmiotowe: | |
| Etykiety: |
Dodaj etykietę
Nie ma etykietki, Dołącz pierwszą etykiete!
|
MARC
| LEADER | 00000nam a2200000Ia 4500 | ||
|---|---|---|---|
| 008 | 170316s9999 xx 000 0 und d | ||
| 090 | |a 800-P J-1p | ||
| 100 | |a Jablonski, Rafal | ||
| 245 | |a Polonia | ||
| 260 | |a Varsovia, Polonia | ||
| 260 | |b Editorial Festina | ||
| 260 | |c 2002 | ||
| 300 | |a 97 páginas | ||
| 650 | |a OTRAS LITERATURAS | ||
| 650 | |a LITERATURA DE POLONIA | ||
| 650 | |a ARQUITECTURA | ||
| 650 | |a CULTURA POLACA | ||
| 999 | |c 19951 |d 19951 | ||
| 040 | |a cru BVZT | ||
| 942 | |c 15 D |h 800-P J-1p |2 z | ||
